|
|
|
|
| LEADER |
03382nam a2200445 i 4500 |
| 001 |
EBC1647711 |
| 003 |
MiAaPQ |
| 005 |
20200520144314.0 |
| 006 |
m o d | |
| 007 |
cr cnu|||||||| |
| 008 |
130712s2014 ncua ob 001 0 eng|d |
| 020 |
|
|
|z 9780822356400 (cloth : alk. paper)
|
| 020 |
|
|
|z 9780822356523 (pbk. : alk. paper)
|
| 020 |
|
|
|a 9780822376811 (e-book)
|
| 035 |
|
|
|a (MiAaPQ)EBC1647711
|
| 035 |
|
|
|a (Au-PeEL)EBL1647711
|
| 035 |
|
|
|a (CaPaEBR)ebr10846212
|
| 035 |
|
|
|a (CaONFJC)MIL580689
|
| 035 |
|
|
|a (OCoLC)868997656
|
| 040 |
|
|
|a MiAaPQ
|b eng
|e rda
|e pn
|c MiAaPQ
|d MiAaPQ
|
| 050 |
|
4 |
|a NC1765
|b .A535 2014
|
| 082 |
0 |
|
|a 791.43/34
|2 23
|
| 245 |
0 |
0 |
|a Animating film theory /
|c Karen Beckman, editor.
|
| 264 |
|
1 |
|a Durham :
|b Duke University Press,
|c 2014.
|
| 300 |
|
|
|a 1 online resource (370 pages) :
|b illustrations
|
| 336 |
|
|
|a text
|2 rdacontent
|
| 337 |
|
|
|a computer
|2 rdamedia
|
| 338 |
|
|
|a online resource
|2 rdacarrier
|
| 504 |
|
|
|a Includes bibliographical references and index.
|
| 505 |
0 |
|
|a Animation and history / Esther Leslie -- Animating the instant : the secret symmetry between animation and photography / Tom Gunning -- Polygraphic photography and the origins of 3-D animation / Alexander R. Galloway -- "A living, developing egg is present before you" : animation, scientific visualization, modeling / Oliver Gaycken -- Andre Martin, inventor of animation cinema : prolegomena for a history of terms / Herve Joubert-Laurencin; translated by Lucy Swanson -- "First principles" of animation / Alan Cholodenko -- Animation, in theory / Suzanne Buchan -- Film as experiment in animation : are films experiments on human beings? / Gertrud Koch; translated by Daniel Hendrickson -- Frame shot : Vertov's ideologies of animation / Mihaela Mihailova and John MacKay -- Signatures of motion : Len Lye's scratch films and the energy of the line / Andrew R. Johnston -- Animating copies : Japanese graphic design, the Xerox machine, and Walter Benjamin / Yuriko Furuhata -- Framing the postmodern : the rhetoric of animated form in experimental identity-politics documentary video in the 1980s and 1990s / Tess Takahashi -- Cartoon film theory : Imamura Taihei on animation, documentary, and photography / Thomas LaMarre -- African American representation through the combination of live action and animation / Christopher P. Lehman -- Animating uncommon life : U.S. Military malaria films (1942-1945) and the Pacific theater / Bishnupriya Ghosh -- Realism in the animation media environment : animation theory from Japan / Marc Steinberg -- Some observations pertaining to cartoon physics; or, The cartoon cat in the machine / Scott Bukatman.
|
| 588 |
|
|
|a Description based on print version record.
|
| 590 |
|
|
|a Electronic reproduction. Ann Arbor, MI : ProQuest, 2015. Available via World Wide Web. Access may be limited to ProQuest affiliated libraries.
|
| 650 |
|
0 |
|a Animated films
|x History and criticism.
|
| 650 |
|
0 |
|a Animated films
|x Social aspects.
|
| 650 |
|
0 |
|a Animation (Cinematography)
|
| 655 |
|
4 |
|a Electronic books.
|
| 700 |
1 |
|
|a Beckman, Karen Redrobe,
|d 1971-
|e editor.
|
| 776 |
0 |
8 |
|i Print version:
|t Animating film theory.
|d Durham : Duke University Press, 2014
|z 9780822356400
|w (DLC)10846212
|
| 797 |
2 |
|
|a ProQuest (Firm)
|
| 856 |
4 |
0 |
|u https://ebookcentral.proquest.com/lib/matrademy/detail.action?docID=1647711
|z Click to View
|